making great relationships : (Record no. 203814)
[ view plain ]
| 000 -LEADER | |
|---|---|
| fixed length control field | 02594nam a2200289 i 4500 |
| 003 - CONTROL NUMBER IDENTIFIER | |
| control field | OSt |
| 005 - DATE AND TIME OF LATEST TRANSACTION | |
| control field | 20260412162950.0 |
| 008 - FIXED-LENGTH DATA ELEMENTS--GENERAL INFORMATION | |
| fixed length control field | 260412s2023 nyu grb 001 0 eng d |
| 020 ## - INTERNATIONAL STANDARD BOOK NUMBER | |
| International Standard Book Number | 9780593577950 |
| Terms of availability | RM 114.30 |
| Qualifying information | paperback |
| 040 ## - CATALOGING SOURCE | |
| Original cataloging agency | PPAK |
| Language of cataloging | eng |
| Transcribing agency | PPAK |
| Description conventions | rda |
| 082 04 - DEWEY DECIMAL CLASSIFICATION NUMBER | |
| Edition number | 23 |
| Classification number | 158.2 |
| 090 00 - LOCALLY ASSIGNED LC-TYPE CALL NUMBER (OCLC); LOCAL CALL NUMBER (RLIN) | |
| Classification number (OCLC) (R) ; Classification number, CALL (RLIN) (NR) | 158.2 |
| Feature heading | HAN |
| Feature heading | G |
| 100 1# - MAIN ENTRY--PERSONAL NAME | |
| Personal name | Hanson, Rick, |
| Titles and words associated with a name | (Psychologist), PhD, |
| Relator term | author. |
| 245 10 - TITLE STATEMENT | |
| Title | making great relationships : |
| Remainder of title | Simple Practices for Solving Conflicts, Building Connection, and Fostering Love / |
| Statement of responsibility, etc. | Rick Hanson. PhD |
| 264 #1 - PRODUCTION, PUBLICATION, DISTRIBUTION, MANUFACTURE, AND COPYRIGHT NOTICE | |
| Place of production, publication, distribution, manufacture | New York, NY : |
| Name of producer, publisher, distributor, manufacturer | Harmony Book, |
| Date of production, publication, distribution, manufacture, or copyright notice | [2023] |
| 300 ## - PHYSICAL DESCRIPTION | |
| Extent | xi, 283 pages ; |
| Dimensions | 22 cm |
| 336 ## - CONTENT TYPE | |
| Content type term | text |
| Source | rdacontent |
| 337 ## - MEDIA TYPE | |
| Media type term | unmediated |
| Source | rdamedia |
| 338 ## - CARRIER TYPE | |
| Carrier type term | volume |
| Source | rdacarrier |
| 500 ## - GENERAL NOTE | |
| General note | Includes index. |
| 505 0# - FORMATTED CONTENTS NOTE | |
| Formatted contents note | Befriend yourself -- Warm the heart -- Be at peace with others -- Stand up for yourself -- Speak wisely -- Love the world. |
| 520 ## - SUMMARY, ETC. | |
| Summary, etc. | "Relationships are usually the most important part of a person's life. But they're often stressful and frustrating, or simply awkward, distant, and lonely. We feel the weight of things unsaid, needs unmet, conflicts unresolved. It's easy to feel stuck. But actually, new research shows that we create our relationships with our thoughts and words, giving us the ability to improve them-as long as we know how. In Making Great Relationships, Rick Hanson brings his trademark warmth and clarity to offer the fundamental tools and skills that foster happy, lasting, and fulfilling relationships of all kinds: at home and at work, with family and friends, and with people who are challenging. Grounded in brain science and clinical psychology, and informed by contemplative wisdom, this book offers fifty-two effective practices for building healthy relationships, including: How to convince yourself that you truly deserve to be treated well How to stay centered so that conflict doesn't rattle you so deeply How to see the good in others (even when they make it difficult) How to set and maintain healthy boundaries How to express your needs so that they are more likely to be fulfilled Dr. Hanson's message is based on his decades of work as a clinical psychologist, his deep knowledge of mindfulness, and his own lessons from forty years of marriage while raising two children. In bite-sized chapters, this comprehensive guide will teach you how to relate better than ever with all the people in your life"-- |
| Assigning source | Provided by publisher. |
| 650 10 - SUBJECT ADDED ENTRY--TOPICAL TERM | |
| Topical term or geographic name entry element | Interpersonal relations. |
| Topical term or geographic name entry element | Self-realization. |
| Topical term or geographic name entry element | Mindfulness (Psychology) |
| 942 ## - ADDED ENTRY ELEMENTS (KOHA) | |
| Source of classification or shelving scheme | Dewey Decimal Classification |
| Koha item type | Book |
No items available.